00959 a2200181 45000010006000000050017000060080041000230030015000640400040000790800032001192450020001512640036001713000015002075050482002221000022007047000023007267000028007494557220260407155728.0260407a1963 arg spa dAR-UNSa-BCEJYS aAR-UNSa-BCEJYSbspacAR-UNSa-BCEJYS a512/517xAlgebra/Análisis10aAlgebra Moderna 1aBarcelona :bVicens-Vivesc1963 axv, 503 p. a1. Los enteros – 2. Números racionales y campos – 3. Números reales – 4. Polinomios – 5. Números complejos – 6. Teoría de grupos – 7. Vectores y espacios vectoriales – 8. Álgebra de las matrices – 9. Grupos lineales – 10. Característica y determinante de una matriz – 11. Álgebra de clases – 12. Aritmética transfinita – 13. Anillos e ideales – 14. Campos de números algebraicos – 15. Teoría de Galois – 16. Notas ampliatorias.1 aBirkhoff, Garrett1 aMac Lane, Saunders1 aRodriguez Vidal, Rafael